[Event "Dubai op-B 23rd"]
[Site "Dubai"]
[Date "2023.06.01"]
[Round "6"]
[White "Musallam Salim, Al Aamri"]
[Black "Bashaer, Khalil"]
[Result "1-0"]
[WhiteElo "1743"]
[BlackElo "1477"]
[PlyCount "97"]
[EventDate "2023.05.27"]
[EventType "swiss"]
[EventRounds "9"]
[EventCountry "UAE"]
[SourceTitle "CBM 214 Extra"]
[Source "ChessBase"]
[SourceDate "2023.07.31"]
[SourceVersion "1"]
[SourceVersionDate "2023.07.31"]
[SourceQuality "1"]

1. Nf3 d5 2. g3 Nf6 3. Bg2 e6 4. 0-0 Bd6 5. d3 0-0 6. Nbd2 e5 7. e4 c6 8. Re1 Re8 9. c3 Bg4 10. Qb3 Qc7 11. Nf1 Nbd7 12. exd5 cxd5 13. Ne3 Be6 14. Ng5 Nc5 15. Qc2 h6 16. Nxe6 fxe6 17. d4 exd4 18. cxd4 Nce4 19. f3 Ng5 20. Qd3 Bxg3 21. hxg3 Qxg3 22. Qe2 Nxf3+ 23. Qxf3 Qxe1+ 24. Qf1 Qh4 25. Qd3 Rf8 26. Bd2 Ne4 27. Be1 Qg5 28. Qe2 Rf4 29. Kh2 Raf8 30. Rc1 Nf6 31. Rc7 Ne4 32. Rxb7 h5 33. Rxa7 Rf2 34. Bxf2 Rxf2 35. Ra8+ Kh7 36. Qe1 h4 37. Kh1 Ng3+ 38. Kg1 Re2 39. Qb1+ g6 40. Ra7+ Kh6 41. Qc1 Rxg2+ 42. Kxg2 Ne2+ 43. Ng4+ Kh5 44. Qxg5+ Kxg5 45. Ne5 Nf4+ 46. Kf3 h3 47. Rh7 Nh5 48. a4 Nf4 49. a5 1-0

[Event "Sharjah Blitz op"]
[Site "Sharjah"]
[Date "2021.05.01"]
[Round "3.14"]
[White "Bashaer, Khalil"]
[Black "Bablok, Maciej"]
[Result "0-1"]
[WhiteElo "1526"]
[BlackElo "2058"]
[PlyCount "86"]
[EventDate "2021.05.01"]
[EventType "swiss (blitz)"]
[EventRounds "9"]
[EventCountry "UAE"]
[SourceTitle "CBM 202 Extra"]
[Source "ChessBase"]
[SourceDate "2021.07.31"]
[SourceVersion "1"]
[SourceVersionDate "2021.07.31"]
[SourceQuality "1"]

1. e4 c6 2. d4 d5 3. Nc3 dxe4 4. Nxe4 Nd7 5. Nf3 Ngf6 6. Nxf6+ Nxf6 7. c3 Bg4 8. Be2 e6 9. 0-0 Be7 10. h3 Bh5 11. Bg5 0-0 12. Re1 Nd5 13. Bxe7 Nxe7 14. Ne5 Bxe2 15. Qxe2 Ng6 16. Nxg6 hxg6 17. Rad1 Qa5 18. a3 Rfd8 19. Qe5 Rd5 20. Qe4 Rad8 21. Qe2 Qc7 22. Kh1 Qd7 23. Rd2 c5 24. Red1 e5 25. Kg1 cxd4 26. cxd4 Rxd4 27. Rxd4 exd4 28. Qe4 d3 29. Rd2 Qb5 30. Qe3 a5 31. Qe1 Qc4 32. Qd1 b5 33. b3 Qc5 34. a4 bxa4 35. bxa4 Qc4 36. Kf1 Rd4 37. Kg1 Qxa4 38. Qxa4 Rxa4 39. Rxd3 Ra1+ 40. Kh2 Kf8 41. Re3 a4 42. Kg3 Rb1 43. Ra3 Rb3+ 0-1

[Event "Sharjah Rapid op"]
[Site "Sharjah"]
[Date "2021.04.30"]
[Round "6.19"]
[White "Albadin, Alaa"]
[Black "Bashaer, Khalil"]
[Result "1-0"]
[WhiteElo "1359"]
[BlackElo "1526"]
[PlyCount "52"]
[EventDate "2021.04.29"]
[EventType "swiss (rapid)"]
[EventRounds "9"]
[EventCountry "UAE"]
[SourceTitle "CBM 202 Extra"]
[Source "ChessBase"]
[SourceDate "2021.07.31"]
[SourceVersion "1"]
[SourceVersionDate "2021.07.31"]
[SourceQuality "1"]

1. d4 d5 2. Bf4 Nf6 3. e3 e6 4. Nd2 Bd6 5. Bg3 0-0 6. Ngf3 c5 7. c3 Nc6 8. Bd3 b6 9. Ne5 Bb7 10. Ndf3 Rc8 11. 0-0 Ne4 12. Bh4 f6 13. a3 g5 14. Nxc6 Bxc6 15. Bg3 Nxg3 16. fxg3 cxd4 17. exd4 e5 18. dxe5 fxe5 19. Bf5 Rxf5 20. Qc2 Rf7 21. Rad1 d4 22. Qb3 Bxf3 23. Rxf3 Qf8 24. Rdf1 Rcc7 25. Qe6 Bc5 26. Kh1 Rce7 1-0

[Event "UAE President Cup (Women)"]
[Site "Ajman"]
[Date "2019.01.07"]
[Round "7"]
[White "Bashaer, Khalil"]
[Black "Rouda Essa, Alserkal"]
[Result "1/2-1/2"]
[WhiteElo "1544"]
[BlackElo "1606"]
[PlyCount "59"]
[EventDate "2019.01.02"]
[EventType "swiss"]
[EventRounds "9"]
[EventCountry "UAE"]
[SourceTitle "CBM 188 Extra"]
[Source "ChessBase"]
[SourceDate "2019.02.26"]
[SourceVersion "1"]
[SourceVersionDate "2019.02.26"]
[SourceQuality "1"]

1. e4 e5 2. Nf3 Nc6 3. Bb5 a6 4. Ba4 Nf6 5. 0-0 Be7 6. Re1 b5 7. Bb3 0-0 8. c3 d5 9. exd5 Nxd5 10. Nxe5 Nxe5 11. Rxe5 c6 12. Bxd5 cxd5 13. Qf3 Bd6 14. Re3 Be6 15. d4 Qh4 16. g3 Qh3 17. Nd2 Rae8 18. Nf1 f5 19. Qg2 Qh5 20. f4 h6 21. Qf3 Qf7 22. Bd2 g5 23. Re2 Qg6 24. Rae1 Rf6 25. Bc1 Bb8 26. Bd2 Bd6 27. Bc1 Bb8 28. Bd2 Bd6 29. Bc1 Bb8 30. Bd2 1/2-1/2

[Event "Sharjah op rapid"]
[Site "Sharjah"]
[Date "2016.06.12"]
[Round "1"]
[White "Bashaer, Khalil"]
[Black "Salem, AR Saleh"]
[Result "0-1"]
[WhiteElo "1599"]
[BlackElo "2625"]
[PlyCount "68"]
[EventDate "2016.06.12"]
[EventType "swiss (rapid)"]
[EventRounds "9"]
[EventCountry "UAE"]
[SourceTitle "CBM 173 Extra"]
[Source "ChessBase"]
[SourceDate "2016.08.29"]
[SourceVersion "1"]
[SourceVersionDate "2016.08.29"]
[SourceQuality "1"]

1. e4 c5 2. Nf3 d6 3. d4 cxd4 4. Nxd4 Nf6 5. Nc3 a6 6. Bd3 e5 7. Nf3 Be7 8. 0-0 0-0 9. h3 b5 10. a3 Bb7 11. Bg5 Nbd7 12. Qe2 h6 13. Be3 Rc8 14. Rfd1 Nc5 15. Bxc5 Rxc5 16. Nd2 Qa8 17. Nb3 Rxc3 18. bxc3 Nxe4 19. Bxe4 Bxe4 20. f3 Bg6 21. Rac1 Rc8 22. Rd3 Bxd3 23. cxd3 Qb7 24. Qd1 Qd5 25. Na1 Bg5 26. Rc2 Rxc3 27. Rxc3 Qd4+ 28. Kh1 Qxc3 29. Nc2 a5 30. Qe2 b4 31. axb4 axb4 32. Qd1 b3 33. Na3 b2 34. Nb1 Qc1 0-1

[Event "Asia Cup (Women)"]
[Site "Abu Dhabi"]
[Date "2016.04.03"]
[Round "7.4"]
[White "Bashaer, Khalil"]
[Black "Al Kalbani, Wadima"]
[Result "1/2-1/2"]
[WhiteElo "1549"]
[BlackElo "1629"]
[PlyCount "70"]
[EventDate "2016.03.28"]
[EventType "team-swiss"]
[EventRounds "9"]
[EventCountry "UAE"]
[SourceTitle "CBM 171 Extra"]
[Source "ChessBase"]
[SourceDate "2016.04.26"]
[SourceVersion "1"]
[SourceVersionDate "2016.04.26"]
[SourceQuality "1"]
[WhiteTeam "United Arab Emirates (W) II"]
[BlackTeam "United Arab Emirates (W)"]
[WhiteTeamCountry "UAE"]
[BlackTeamCountry "UAE"]

1. e4 e5 2. Nc3 Nc6 3. Bc4 Na5 4. d3 Nxc4 5. dxc4 Bb4 6. Bd2 Nf6 7. Qe2 d6 8. h3 Be6 9. Nf3 0-0 10. 0-0 Bxc3 11. Bxc3 Ne8 12. Rad1 f5 13. Bxe5 Qc8 14. Bc3 fxe4 15. Qxe4 Bf5 16. Qd5+ Be6 17. Qe4 Bf5 18. Qe2 Nf6 19. Rd4 Qd7 20. Rf4 Rae8 21. Qd1 Kh8 22. Nh4 Ne4 23. Bxg7+ Qxg7 24. Rxf5 Qxb2 25. Rxf8+ Rxf8 26. Qh5 Rg8 27. Qd5 Nf6 28. Qf7 Rg7 29. Qf8+ Rg8 30. Qe7 Rg7 31. Qf8+ Rg8 32. Qf7 Rg7 33. Qf8+ Rg8 34. Qf7 Rg7 35. Qf8+ Rg8 1/2-1/2

[Event "Asia Cup (Women)"]
[Site "Abu Dhabi"]
[Date "2016.03.29"]
[Round "2.4"]
[White "Bashaer, Khalil"]
[Black "Nguyen, Thi Thanh An"]
[Result "0-1"]
[WhiteElo "1549"]
[BlackElo "2239"]
[PlyCount "44"]
[EventDate "2016.03.28"]
[EventType "team-swiss"]
[EventRounds "9"]
[EventCountry "UAE"]
[SourceTitle "CBM 171 Extra"]
[Source "ChessBase"]
[SourceDate "2016.04.26"]
[SourceVersion "1"]
[SourceVersionDate "2016.04.26"]
[SourceQuality "1"]
[WhiteTeam "United Arab Emirates (W) II"]
[BlackTeam "Vietnam (W)"]
[WhiteTeamCountry "UAE"]
[BlackTeamCountry "VIE"]

1. e4 c5 2. c3 e6 3. d4 d5 4. exd5 exd5 5. Nf3 Nc6 6. Be3 cxd4 7. Nxd4 Nf6 8. Bb5 Bd7 9. 0-0 Bd6 10. h3 0-0 11. Bd3 Re8 12. Nd2 h6 13. N2f3 Ne4 14. Re1 a6 15. Rc1 Qf6 16. Bb1 Rad8 17. Re2 Bb8 18. Qb3 Qd6 19. Rd1 Nxd4 20. Rxd4 Bb5 21. Re1 Ng5 22. Bf4 Nxf3+ 0-1

[Event "Asia U20 Girls op"]
[Site "Sharjah"]
[Date "2013.04.06"]
[Round "9"]
[White "Bashaer, Khalil"]
[Black "Savant, Riya"]
[Result "0-1"]
[WhiteElo "1545"]
[BlackElo "1913"]
[PlyCount "54"]
[EventDate "2013.03.30"]
[EventType "swiss"]
[EventRounds "9"]
[EventCountry "UAE"]
[SourceTitle "CBM 153 Extra"]
[Source "ChessBase"]
[SourceDate "2013.04.22"]
[SourceVersion "1"]
[SourceVersionDate "2013.04.22"]
[SourceQuality "1"]

1. e4 c5 2. c3 g6 3. Nf3 Bg7 4. Na3 Nf6 5. e5 Nd5 6. Bc4 Nc7 7. 0-0 0-0 8. Re1 Nc6 9. h3 a6 10. Nc2 d5 11. exd6 Qxd6 12. Be2 e5 13. d3 Rd8 14. Bg5 f6 15. Bh4 Bf5 16. d4 cxd4 17. cxd4 exd4 18. Bg3 Qc5 19. Bd3 Ne6 20. Bxf5 Qxf5 21. Na3 Kh8 22. Qb3 Nc5 23. Qb6 Rd7 24. Rac1 Nd3 25. Rxc6 Nxe1 26. Nxe1 bxc6 27. Qxc6 Qd5 0-1

[Event "Wch U14 Girls"]
[Site "Maribor"]
[Date "2012.11.11"]
[Round "4.51"]
[White "Demey, Lotte"]
[Black "Bashaer, Khalil"]
[Result "1/2-1/2"]
[WhiteElo "1633"]
[BlackElo "1541"]
[PlyCount "75"]
[EventDate "2012.11.08"]
[EventType "swiss"]
[EventRounds "11"]
[EventCountry "SLO"]
[SourceTitle "EXT 2013"]
[Source "ChessBase"]
[SourceDate "2012.11.22"]
[SourceVersion "1"]
[SourceVersionDate "2012.11.22"]
[SourceQuality "1"]

1. d4 d5 2. c4 c6 3. Nf3 Nf6 4. g3 dxc4 5. a4 Bf5 6. Bg2 Nbd7 7. Nbd2 Qa5 8. 0-0 c3 9. Nb3 cxb2 10. Bxb2 Qc7 11. Rc1 e6 12. Nh4 Be4 13. Bxe4 Nxe4 14. f3 Nef6 15. e4 Qb6 16. Kh1 Rd8 17. Bc3 Bb4 18. Qe2 Bxc3 19. Rxc3 Qb4 20. Qc4 Qxc4 21. Rxc4 0-0 22. Na5 Nb6 23. Rb4 Rd7 24. Ng2 Rfd8 25. Nb3 Ne8 26. Rd1 Nd6 27. Nc5 Rc7 28. Ne3 Nd7 29. e5 Nf5 30. Nxf5 Nxc5 31. Nd6 Na6 32. Rxb7 Rxb7 33. Nxb7 Rb8 34. Nc5 Nc7 35. Rd3 Nd5 36. Rb3 Rxb3 37. Nxb3 Nc3 38. a5 1/2-1/2